| Tag |
First Indicator |
Second Indicator |
Subfields |
| LEADER |
00000cam a2200000 a 4500 |
| 001 |
in00000098626 |
| 005 |
20150924085904.0 |
| 008 |
820422s1980 enkaf b 00010 eng |
| 010 |
|
|
|a 81138427
|
| 015 |
|
|
|a GB***
|
| 020 |
|
|
|a 0906379423 :
|c 98.95
|
| 035 |
|
|
|a (OCoLC)07703259
|
| 035 |
|
|
|9 AAK9733AM
|
| 039 |
0 |
|
|a 2
|b 3
|c 3
|d 3
|e 3
|
| 040 |
|
|
|a DLC
|c DLC
|d TXA
|d UtOrBLW
|
| 049 |
|
|
|a TXAM
|c [1655908]
|
| 050 |
0 |
0 |
|a ND553.C9
|b C3
|
| 100 |
1 |
|
|a Callen, Anthea.
|
| 245 |
1 |
0 |
|a Courbet /
|c Anthea Callen.
|
| 264 |
|
1 |
|a London :
|b Jupiter Books,
|c [1980]
|
| 264 |
|
4 |
|c ©1980
|
| 300 |
|
|
|a 112 pages, 12 unnumbered pages of plates :
|b illustrations (some color) ;
|c 30 cm.
|
| 336 |
|
|
|a text
|b txt
|2 rdacontent
|
| 337 |
|
|
|a unmediated
|b n
|2 rdamedia
|
| 338 |
|
|
|a volume
|b nc
|2 rdacarrier
|
| 504 |
|
|
|a Bibliography: pages 31-32.
|
| 600 |
1 |
0 |
|a Courbet, Gustave,
|d 1819-1877.
|
| 700 |
1 |
|
|a Courbet, Gustave,
|d 1819-1877.
|
| 999 |
|
|
|a MARS
|
| 999 |
f |
f |
|s 603c9198-d2d1-36e5-93f6-e4abd5b18392
|i f25a53a8-52ed-308e-8a06-2c33f23f161f
|t 0
|
| 952 |
f |
f |
|p normal
|a Texas A&M University
|b College Station
|c Sterling C. Evans Library
|d Evans: Library Stacks
|t 0
|e ND553.C9 C3
|h Library of Congress classification
|i unmediated -- volume
|m A14806029693
|
| 998 |
f |
f |
|a ND553.C9 C3
|t 0
|l Evans: Library Stacks
|